[Event "Sunnyvale Independence Day op"]
[Site "Sunnyvale"]
[Date "2023.07.01"]
[Round "3"]
[White "Gonzalez Galvan, Juan Manuel"]
[Black "Liu, Aiden Q"]
[Result "1-0"]
[WhiteElo "2184"]
[BlackElo "2339"]
[PlyCount "120"]
[EventDate "2023.06.30"]
[EventType "swiss"]
[EventRounds "9"]
[EventCountry "USA"]
[SourceTitle "EXT 2024"]
[Source "ChessBase"]
[SourceDate "2023.10.10"]
[SourceVersion "1"]
[SourceVersionDate "2023.10.10"]
[SourceQuality "1"]

1. e4 e5 2. f4 exf4 3. Bc4 Qh4+ 4. Kf1 d6 5. Nf3 Qf6 6. Nc3 Ne7 7. d4 Bg4 8. e5 Qh6 9. exd6 cxd6 10. Qe2 Nbc6 11. Nd5 0-0-0 12. Bxf4 Qh5 13. Nxe7+ Bxe7 14. Rd1 Rhe8 15. d5 Bg5 16. Qd2 Bxf3 17. Bxg5 Bxd1 18. dxc6 bxc6 19. Ba6+ Kd7 20. Kf2 Bxc2 21. Rc1 Be4 22. Rd1 Qg6 23. Qe3 Rb8 24. Qxa7+ Ke6 25. Rxd6+ Kxd6 26. Bf4+ Ke6 27. Bc4+ Bd5 28. Qe3+ Kf5 29. Bd3+ Be4 30. Bxb8 Qxg2+ 31. Ke1 Re6 32. Bf1 Qf3 33. Bh3+ Kg6 34. Qxf3 Bxf3+ 35. Bxe6 fxe6 36. a4 Bd5 37. Kd2 Bb3 38. a5 Bc4 39. Kc3 Bb5 40. Kd4 Kf5 41. Kc5 e5 42. Kb6 e4 43. a6 Bxa6 44. Kxa6 Ke6 45. Bf4 Kd5 46. Be3 Kc4 47. Kb6 Kd3 48. Bg1 Kc2 49. b4 Kc3 50. Kc5 g5 51. Bf2 h5 52. Be1+ Kc2 53. Kxc6 Kd1 54. Bf2 h4 55. Kd5 Ke2 56. Bc5 g4 57. Kxe4 g3 58. Bd6 g2 59. Bc5 Kf1 60. Kf3 g1Q 1-0

[Event "Alajuela"]
[Site "Alajuela"]
[Date "2019.12.12"]
[Round "3"]
[White "Gonzalez Galvan, Juan Manuel"]
[Black "Aizpurua, Patrick Emilio"]
[Result "0-1"]
[WhiteElo "2249"]
[BlackElo "2345"]
[PlyCount "56"]
[EventDate "2019.12.11"]
[EventType "tourn"]
[EventRounds "9"]
[EventCountry "CRI"]
[EventCategory "2"]
[SourceTitle "CBM 193 Extra"]
[Source "ChessBase"]
[SourceDate "2020.01.31"]
[SourceVersion "1"]
[SourceVersionDate "2020.01.31"]
[SourceQuality "1"]

1. e4 e6 2. d4 d5 3. e5 c5 4. c3 Nc6 5. Nf3 Qb6 6. Bd3 Nh6 7. 0-0 cxd4 8. cxd4 Nf5 9. Bxf5 exf5 10. Nc3 Be6 11. Qd3 a6 12. Rd1 Rc8 13. h4 h6 14. Nh2 Be7 15. h5 Nb4 16. Qg3 Nc2 17. Qxg7 Kd7 18. Na4 Qa5 19. Nc5+ Bxc5 20. dxc5 Nxa1 21. Bxh6 Nc2 22. Nf3 Rcg8 23. Qf6 Qd8 24. Bd2 Rxh5 25. g3 Qxf6 26. exf6 f4 27. Ba5 fxg3 28. Rd2 g2 0-1

[Event "Gibraltar Challengers-B 12th"]
[Site "Caleta"]
[Date "2014.02.03"]
[Round "3"]
[White "Gonzalez Galvan, Juan Manuel"]
[Black "Jameson, David"]
[Result "1-0"]
[WhiteElo "2260"]
[BlackElo "2128"]
[PlyCount "73"]
[EventDate "2014.02.01"]
[EventType "swiss"]
[EventRounds "5"]
[EventCountry "GGB"]
[SourceTitle "CBM 158 Extra"]
[Source "ChessBase"]
[SourceDate "2014.02.28"]
[SourceVersion "1"]
[SourceVersionDate "2014.02.28"]
[SourceQuality "1"]

1. e4 e5 2. Bc4 Nc6 3. d3 Bc5 4. Ne2 Nf6 5. 0-0 d5 6. exd5 Nxd5 7. Nbc3 Be6 8. Ne4 Be7 9. f4 exf4 10. Nxf4 Nxf4 11. Bxf4 Qd4+ 12. Kh1 Bxc4 13. Qg4 Be6 14. Qg3 0-0-0 15. Bxc7 Rd7 16. Bf4 h5 17. Be3 Qxb2 18. Rab1 Qe5 19. Bf4 Qd4 20. Be3 Qe5 21. Bf4 h4 22. Qe1 Qd5 23. Nc3 Qa5 24. Rb5 Qa3 25. Bc1 Qa6 26. Rf4 Bf6 27. a4 h3 28. Ne4 hxg2+ 29. Kxg2 Bd5 30. Rf5 Bxe4+ 31. Qxe4 Rd4 32. Qf3 Qxa4 33. Rfc5 Rd6 34. Bf4 Rhd8 35. Qg4+ Kc7 36. Bxd6+ Rxd6 37. Qxa4 1-0

[Event "Seville-ch"]
[Site "Seville"]
[Date "2013.01.31"]
[Round "6"]
[White "Gonzalez Galvan, Juan Manuel"]
[Black "Sanchez Del Prado, Manuel"]
[Result "1-0"]
[WhiteElo "2313"]
[BlackElo "1994"]
[PlyCount "52"]
[EventDate "2013.01.26"]
[EventType "swiss"]
[EventRounds "6"]
[EventCountry "ESP"]
[SourceTitle "EXT 2014"]
[Source "ChessBase"]
[SourceDate "2013.11.20"]
[SourceVersion "1"]
[SourceVersionDate "2013.11.20"]
[SourceQuality "1"]

1. e4 c6 2. d3 d5 3. Bd2 e6 4. Nc3 b5 5. a3 a5 6. Be2 Bc5 7. Nf3 Qb6 8. 0-0 Ne7 9. Bf4 Ng6 10. Bg3 0-0 11. h4 Re8 12. h5 Nf8 13. h6 g6 14. d4 Be7 15. Re1 Nbd7 16. exd5 exd5 17. Bxb5 Ne6 18. Ba4 Nf6 19. Qd2 Bd7 20. Bh4 Qd8 21. Ne5 Ne4 22. Bxe7 Nxd2 23. Bxd8 Raxd8 24. Nxd7 Rxd7 25. Bxc6 Red8 26. Bxd7 Rxd7 1-0

[Event "Andalucia-ch"]
[Site "Lucena"]
[Date "2012.05.01"]
[Round "9"]
[White "Gonzalez Galvan, Juan Manuel"]
[Black "Camacho Collados, Marcos"]
[Result "0-1"]
[WhiteElo "2237"]
[BlackElo "2422"]
[PlyCount "98"]
[EventDate "2012.04.26"]
[EventType "swiss"]
[EventRounds "9"]
[EventCountry "ESP"]
[SourceTitle "EXT 2013"]
[Source "ChessBase"]
[SourceDate "2012.11.22"]
[SourceVersion "1"]
[SourceVersionDate "2012.11.22"]
[SourceQuality "1"]

1. e4 c5 2. Nc3 e6 3. f4 d5 4. Bb5+ Bd7 5. exd5 Bxb5 6. Nxb5 exd5 7. Qh5 Qe7+ 8. Kd1 Nf6 9. Qf5 Na6 10. Nf3 Ne4 11. Rf1 Qd7 12. Qxd7+ Kxd7 13. d3 Nd6 14. Ne5+ Ke8 15. Nxd6+ Bxd6 16. Re1 Kf8 17. d4 c4 18. Bd2 f6 19. Ng4 h5 20. Nf2 Kf7 21. b3 Rac8 22. c3 Rhe8 23. Kc2 Kg6 24. g3 b5 25. b4 Nc7 26. a4 Rxe1 27. Rxe1 bxa4 28. Ra1 a5 29. Rxa4 axb4 30. cxb4 Nb5 31. Be3 Re8 32. Kd2 Bc7 33. Ra6 Bd6 34. Ra4 Nc3 35. Kxc3 Rxe3+ 36. Kd2 Rb3 37. Nd1 Bxb4+ 38. Kc2 Kf5 39. Ra7 g6 40. Ra8 Ke4 41. Rg8 Ra3 42. Rxg6 Ra2+ 43. Kb1 Rd2 44. Kc1 c3 45. Nxc3+ Bxc3 46. Rxf6 Kd3 47. Rb6 Rc2+ 48. Kb1 Rg2 49. Rb5 Rxh2 0-1

[Event "Seville op 37th"]
[Site "Seville"]
[Date "2012.01.12"]
[Round "6"]
[White "Malakhatko, Vadim"]
[Black "Gonzalez Galvan, Juan Manuel"]
[Result "1-0"]
[WhiteElo "2524"]
[BlackElo "2214"]
[PlyCount "51"]
[EventDate "2012.01.07"]
[EventType "swiss"]
[EventRounds "9"]
[EventCountry "ESP"]
[SourceTitle "CBM 146 Extra"]
[Source "ChessBase"]
[SourceDate "2012.02.29"]
[SourceVersion "1"]
[SourceVersionDate "2012.02.29"]
[SourceQuality "1"]

1. c4 e5 2. Nc3 Nf6 3. e3 Nc6 4. a3 Be7 5. Qc2 0-0 6. Bd3 d6 7. b4 Be6 8. Bb2 h6 9. Nge2 Nd7 10. Nd5 f5 11. Nec3 e4 12. Be2 Nce5 13. Nb5 c6 14. Nd4 Bf7 15. Nxe7+ Qxe7 16. Nxf5 Qf6 17. Ng3 d5 18. 0-0 Bg6 19. cxd5 Qh4 20. dxc6 bxc6 21. Qc3 Rf6 22. Qd4 Rd8 23. d3 Re6 24. dxe4 Nb6 25. Qc3 Bf7 26. a4 1-0

[Event "Seville op 32nd"]
[Site "Seville"]
[Date "2007.01.13"]
[Round "7"]
[White "Gonzalez Galvan, Juan Manuel"]
[Black "Coimbra, Margarida Goncalves"]
[Result "0-1"]
[WhiteElo "2294"]
[BlackElo "2061"]
[PlyCount "94"]
[EventDate "2007.01.07"]
[EventType "swiss"]
[EventRounds "9"]
[EventCountry "ESP"]
[SourceTitle "CBM 116 Extra"]
[Source "ChessBase"]
[SourceDate "2007.03.07"]
[SourceVersion "1"]
[SourceVersionDate "2007.03.07"]
[SourceQuality "1"]

1. e4 e5 2. f4 d5 3. exd5 e4 4. d3 Nf6 5. dxe4 Nxe4 6. Nf3 Bc5 7. Qe2 f5 8. Nfd2 0-0 9. Nxe4 fxe4 10. Nc3 Bb4 11. Qc4 Qd6 12. Be2 Nd7 13. Be3 Nb6 14. Bxb6 axb6 15. g3 Kh8 16. a3 Bxc3+ 17. Qxc3 Qxd5 18. Qxc7 e3 19. 0-0 Bh3 20. Rf3 Qd2 21. Qc4 Rac8 22. Qd3 Rxc2 23. Rxe3 Rc1+ 24. Rxc1 Qxc1+ 25. Kf2 Qh1 26. Qd4 Qxh2+ 27. Ke1 Rc8 28. Kd2 Bf5 29. Rc3 Re8 30. Re3 Rc8 31. Qa4 b5 32. Qb3 h6 33. Rc3 Rd8+ 34. Ke3 Qxg3+ 35. Bf3 Qe1+ 36. Be2 Re8+ 37. Kd4 Qxe2 38. Kc5 Rc8+ 39. Kb4 Rxc3 40. bxc3 Qc4+ 41. Qxc4 bxc4 42. Kxc4 h5 43. Kd4 Kg8 44. c4 h4 45. Ke3 Kf7 46. a4 Ke7 47. c5 Kd7 0-1

[Event "ESP-ch op"]
[Site "Leon"]
[Date "2006.11.26"]
[Round "5"]
[White "Bellon Lopez, Juan Manuel"]
[Black "Gonzalez Galvan, Juan Manuel"]
[Result "1-0"]
[WhiteElo "2438"]
[BlackElo "2283"]
[PlyCount "80"]
[EventDate "2006.11.22"]
[EventType "swiss"]
[EventRounds "9"]
[EventCountry "ESP"]
[SourceTitle "CBM 115 Extra"]
[Source "ChessBase"]
[SourceDate "2007.01.10"]
[SourceVersion "1"]
[SourceVersionDate "2007.01.10"]
[SourceQuality "1"]

1. d4 d5 2. Nf3 c5 3. c4 cxd4 4. cxd5 Nf6 5. Qa4+ Qd7 6. Qxd4 Qxd5 7. Nc3 Qxd4 8. Nxd4 a6 9. Bg5 Nbd7 10. g3 e5 11. Nf3 Bb4 12. Bxf6 Nxf6 13. Nxe5 Ne4 14. Rc1 Nxc3 15. bxc3 Ba3 16. Rb1 Bf5 17. Rb3 Bd6 18. Nc4 Bc5 19. Bg2 Rd8 20. Rxb7 0-0 21. 0-0 Be6 22. Rc7 Rc8 23. Rxc8 Rxc8 24. Nd2 Be7 25. Rc1 a5 26. c4 Bb4 27. Rc2 h5 28. Be4 a4 29. Bd3 f5 30. Nf3 Bc5 31. Rb2 a3 32. Rb7 Bf8 33. Nd2 g6 34. Kf1 Bg7 35. Ra7 Bb2 36. Ke1 Rb8 37. Kd1 Bd4 38. Rxa3 Bxf2 39. Ra6 Kf7 40. Nf3 Be3 1-0

[Event "ESP-ch op"]
[Site "Leon"]
[Date "2006.11.24"]
[Round "3"]
[White "Baron Rodriguez, Jesus"]
[Black "Gonzalez Galvan, Juan Manuel"]
[Result "1/2-1/2"]
[WhiteElo "2424"]
[BlackElo "2283"]
[PlyCount "79"]
[EventDate "2006.11.22"]
[EventType "swiss"]
[EventRounds "9"]
[EventCountry "ESP"]
[SourceTitle "CBM 115 Extra"]
[Source "ChessBase"]
[SourceDate "2007.01.10"]
[SourceVersion "1"]
[SourceVersionDate "2007.01.10"]
[SourceQuality "1"]

1. d4 Nf6 2. c4 e6 3. Nc3 Bb4 4. e3 c5 5. Nf3 0-0 6. Bd3 d6 7. 0-0 Bxc3 8. bxc3 Nc6 9. e4 e5 10. d5 Ne7 11. Nh4 Ng6 12. Nf5 Nf4 13. Bc2 g6 14. Nh6+ Kg7 15. g3 N6h5 16. gxf4 Nxf4 17. Ng4 Qg5 18. f3 h5 19. Bxf4 exf4 20. h4 Qxh4 21. Nh2 Bh3 22. Kh1 Bxf1 23. Qxf1 Rae8 24. Rb1 Re5 25. Rxb7 Rg5 26. Ba4 Rg3 27. Bd7 Qf6 28. Rxa7 Rb8 29. Bb5 Qh4 30. Qe1 Kf6 31. e5+ dxe5 32. Ra6+ Kg7 33. Qxe5+ Kh7 34. Qf6 Rg5 35. Qxf7+ Kh8 36. Re6 Qg3 37. Re8+ Rxe8 38. Qxe8+ Kg7 39. Qe7+ Kg8 40. Qe8+ 1/2-1/2

[Event "ESP-chT2"]
[Site "Vila Real"]
[Date "2001.08.14"]
[Round "2"]
[White "Gonzalez Galvan, Juan Manuel"]
[Black "Gonzalez Menendez, Ivan"]
[Result "0-1"]
[WhiteElo "2150"]
[BlackElo "2197"]
[PlyCount "36"]
[EventDate "2001.08.13"]
[EventType "team"]
[EventRounds "7"]
[EventCountry "ESP"]
[SourceTitle "EXT 2002"]
[Source "ChessBase"]
[SourceDate "2001.11.25"]
[SourceVersion "1"]
[SourceVersionDate "2001.11.25"]
[SourceQuality "1"]

1. e4 e6 2. d3 d5 3. Nd2 Nf6 4. g3 dxe4 5. dxe4 Nc6 6. Bg2 Bc5 7. Ngf3 e5 8. 0-0 0-0 9. c3 a5 10. Qc2 Qe7 11. Nc4 b6 12. Ne3 Bxe3 13. Bxe3 Rd8 14. h3 Qe6 15. Rfd1 Bb7 16. Rd5 Nxd5 17. exd5 Qxd5 18. Ng5 Qxg2+ 0-1

[Event "ESP-ch U20"]
[Site "La Algaba"]
[Date "2001.??.??"]
[Round "1"]
[White "Gonzalez Galvan, Juan Manuel"]
[Black "Garcia Roman, Daniel"]
[Result "1-0"]
[WhiteElo "2137"]
[BlackElo "2328"]
[PlyCount "79"]
[EventDate "2001.??.??"]
[EventType "swiss"]
[EventRounds "9"]
[EventCountry "ESP"]
[SourceTitle "EXT 2002"]
[Source "ChessBase"]
[SourceDate "2001.11.25"]
[SourceVersion "1"]
[SourceVersionDate "2001.11.25"]
[SourceQuality "1"]

1. e4 e6 2. d4 d5 3. Nd2 dxe4 4. Nxe4 Nd7 5. Nf3 Ngf6 6. Nxf6+ Nxf6 7. Bd3 c5 8. Bg5 Be7 9. dxc5 Qa5+ 10. Qd2 Qxc5 11. 0-0 0-0 12. Rfe1 Rd8 13. Re5 Qb6 14. Qf4 Qxb2 15. Rae1 Qxa2 16. Qh4 Rxd3 17. cxd3 Bd7 18. Nd4 Qa4 19. Nf5 Qxh4 20. Nxe7+ Kf8 21. Bxh4 Kxe7 22. d4 Kf8 23. Bxf6 gxf6 24. Rh5 Kg7 25. Re3 Rc8 26. Rg3+ Kf8 27. h4 Rc1+ 28. Kh2 Rd1 29. Rxh7 Rxd4 30. h5 Rh4+ 31. Kg1 e5 32. Rh8+ Ke7 33. Rd3 a5 34. g3 Rb4 35. Rxd7+ Kxd7 36. h6 e4 37. h7 Rb5 38. g4 Rg5 39. Rf8 e3 40. fxe3 1-0

[Event "ESP-ch U20"]
[Site "Mondariz"]
[Date "2000.07.23"]
[Round "8"]
[White "Gonzalez Galvan, Juan Manuel"]
[Black "Martinez Martin, David"]
[Result "0-1"]
[WhiteElo "2137"]
[BlackElo "2283"]
[PlyCount "90"]
[EventDate "2000.07.16"]
[EventType "swiss"]
[EventRounds "8"]
[EventCountry "ESP"]
[SourceTitle "EXT 2001"]
[Source "ChessBase"]
[SourceDate "2000.11.22"]
[SourceVersion "1"]
[SourceVersionDate "2000.11.22"]
[SourceQuality "1"]

1. e4 c5 2. f4 Nc6 3. Nf3 g6 4. Bc4 Bg7 5. Nc3 e6 6. f5 Nge7 7. fxe6 dxe6 8. d3 h6 9. 0-0 g5 10. Qe1 Ng6 11. Qg3 Nce5 12. Bb3 Bd7 13. Be3 Qe7 14. Nxe5 Bxe5 15. Qf2 b6 16. d4 cxd4 17. Bxd4 Bxd4 18. Qxd4 Qc5 19. Qxc5 bxc5 20. e5 Nxe5 21. Rae1 c4 22. Rxe5 cxb3 23. axb3 Ke7 24. Ne4 Rhc8 25. c3 Rab8 26. b4 Bb5 27. Ra1 Rc7 28. Rc5 Rbb7 29. Rxc7+ Rxc7 30. Nc5 f5 31. Ra5 Bd7 32. Kf2 Bc8 33. Nd3 Kf6 34. Ne5 Bb7 35. b5 Bd5 36. Nc6 Bxc6 37. bxc6 Ke7 38. b4 Kd6 39. b5 Kc5 40. c4 e5 41. Ra1 e4 42. Ke3 Kxc4 43. Rxa7 Rxa7 44. b6 Ra2 45. c7 Kd5 0-1